|
|
|
|
| LEADER |
00000nam0a2200000 4500 |
| 001 |
354232 |
| 005 |
20231102010654.0 |
| 035 |
|
|
|a (RuTPU)RU\TPU\retro\11490
|
| 090 |
|
|
|a 354232
|
| 100 |
|
|
|a 20200617d1972 km y0rusy50 ca
|
| 101 |
0 |
|
|a rus
|
| 102 |
|
|
|a RU
|
| 105 |
|
|
|a a z 001zy
|
| 200 |
1 |
|
|a Механические передачи
|e [сборник статей]
|f Ижевский механический институт
|
| 210 |
|
|
|a Ижевск
|c [Б. и.]
|d 1972
|
| 215 |
|
|
|a 226 с.
|c ил.
|
| 320 |
|
|
|a Библиография в конце статей
|
| 606 |
1 |
|
|a Передачи механические
|2 stltpush
|3 (RuTPU)RU\TPU\subj\68908
|9 83982
|
| 610 |
1 |
|
|a роликовые цепные передачи
|
| 610 |
1 |
|
|a динамика
|
| 610 |
1 |
|
|a спироидные передачи
|
| 610 |
1 |
|
|a планетарные передачи
|
| 610 |
1 |
|
|a дозаполюсные передачи
|
| 610 |
1 |
|
|a инерционно-импульсные передачи
|
| 675 |
|
|
|a 621.83
|v 4
|
| 712 |
0 |
2 |
|a Ижевский механический институт
|2 stltpush
|3 (RuTPU)RU\TPU\col\12489
|9 25432
|
| 801 |
|
1 |
|a RU
|b 63413507
|c 20200617
|
| 801 |
|
2 |
|a RU
|b 63413507
|c 20210118
|g RCR
|
| 942 |
|
|
|c BK
|